| 000 | 00000nas##2200000za#4500 |
| 001 | 9.500139 |
| 003 | CaOODSP |
| 005 | 20200331210952 |
| 007 | cr ||||||||||| |
| 008 | 150406c1998||||xxc|| m o||||f| |0eng|d |
| 040 | |aCaOODSP|beng |
| 041 | |aeng |
| 041 | |afre |
| 043 | |an-cn--- |
| 086 | 1 |aS52-2-PDF |
| 110 | 1 |aCanada. |bPublic Works and Government Services Canada. |bTranslation Bureau. |
| 245 | 10|aTerminology bulletin / |h[electronic resource]|cIssued by Terminology and Linguistic Services Directorate. |
| 260 | |aOttawa - Ontario : |bPublic Works and Government Services Canada. |
| 310 | |aIrregular |
| 500 | |aCanadian Cataloguing in Publication data printed on these publications. |
| 500 | |aSome issues are priced. |
| 776 | 0#|tBulletin de terminologie |w(CaOODSP)9.509599 |
| 792 | |tBulletin de terminologie / |efre|w(CaOODSP)9.500140 |